| 000 | 00469nam a2200193 a 4500 | ||
|---|---|---|---|
| 001 | 1758099019406 | ||
| 003 | ACL | ||
| 005 | 20250917142338.0 | ||
| 008 | 250917s2002##################000#0#eng## | ||
| 020 | _a9781860647543 | ||
| 082 | 0 | 4 |
_a791.4575 _bCHA |
| 100 | 1 |
_aChapman, James, _eauthor. |
|
| 245 | 1 | 0 | _aSaints and Avengers : |
| 260 |
_bI.B. Tauris, _c2002. |
||
| 300 | _a296 pages | ||
| 650 | 0 | _aPerforming Arts. | |
| 942 | _cENGLISH | ||
| 040 |
_aACL _beng _cACL |
||
| 999 |
_c587693 _d587693 |
||